1612 1270 1863 1231 1813 1833 1190 1098 1266 1128 1356 1419 1896 1150 1750 1186 1071 1809 1857 1221 1879 1750 1500 1262 1154 1961 1716 1659 1736 1045 1012 1847 1688 1018 1697 1214 1293 1644 1813 1561 1297 1477 1901 1624 1946 1122 1901 1041 1625 1133 1299 1897 1312 1387 1447 1091 1469 1757 1705 1006 1050 1608 1098 1540 1710 1045 1020 1602 1482 1457 1937 1674 1117 1776 1812 1472 1912 1813 1730 1734 1024 1449 1721 1378 1040 1132 1384 1383 1237 1323 1942 1910 1875 1864 1074 1044 1376 1144 1545 BCNSPRNW ULIB Ver.6.0+V

เปลี่ยนเป็นภาษาไทย

Change to English
 แสดงรายละเอียดบรรณานุกรม
  กลับหน้าหลัก

Brief Record : Get Marc (ISO 2709) : E-mail record : QR code < ปิดหน้าต่าง
LEADER : 00000nam 2200000uu 4500
001    13399111505
003     ULIB
008    110629s2544||||th 000 0 tha d
020    9743490441
020    9789743490446
060 00 QV177^bส854ย 2544
100 0  สุรศักดิ์ ฐานีพานิชสกุล
245 10 ยาฉีดคุมกำเนิด DMPA /^cสุรศักดิ์ ฐานีพานิชกุล
250    พิมพ์ครั้งที่ 1
260    กรุงเทพฯ :^bโรงพิมพ์แห่งจุฬาลงกรณ์มหาวิทยาลัย,^c2544
300    196 หน้า :^bตาราง
504    มีบรรณานุกรมและดรรชนีประกอบ
650  0 Contraceptive drugs, Injectable^zThailand
650  0 Injections
650  2 Family planning
650  2 Contraception
945    ^p150^l0^i13864
945    ^p150^l0^i24396
995    กัณชพร
999    ^aใช้งานได้ทุกระบบ
รายการนี้ยังไม่มีแท็ก
คุณยังไม่ได้ล็อกอิน คุณสามารถมีกิจกรรมร่วมกับเว็บไซต์ได้ แต่ต้องล็อกอินก่อน ::
  ล็อกอิน

รายการสื่อสารสนเทศ

ลำดับที่ ประเภท เลขเรียก/บาร์โค้ด สถานที่ สถานะ
1. วิทยาศาสตร์การแพทย์ และสุขภาพ
วิทยาศาสตร์การแพทย์ และสุขภาพ
QV177 ส854ย 2544 ฉ.2 
  Barcode: 24396
ห้องสมุดวิทยาเขตสวรรค์ประชารักษ์
►หนังสือทั่วไป
บนชั้น

รายการใกล้เคียง
    ผู้แต่ง [สุรศักดิ์ ฐานีพานิชสกุล]

    หัวเรื่อง [Injections]
    หัวเรื่อง [Family planning]
    หัวเรื่อง [Contraception]

BibComment


ยังไม่เคยถูกคอมเมนท์

คอมเมนท์ทรัพยากรรายการนี้
  คอมเมนท์: ยาฉีดคุมกำเนิด DM..


 Copyright 2026. Bcnsprnw @Library